000 01073nam0a22002651 4500
001 rc\3901098
005 20250611014312.0
021 _aRU
_b[55-37890]
035 _a(NLR Aleph) 008013680
090 _a8716468
_c8716468
100 _a20130415d1955 |||y0rusy50 ca
101 0 _arus
102 _aRU
105 _ay z |||||
200 1 _aСтенографический отчет
_fЗаседания Верховного Совета Башкирской АССР (четвертого созыва первая сессия) 6-7 апр. 1955 г.
210 _aУфа
_cБашкнигоиздат
_d1955
215 _a172 с.
_d23
601 2 _aВерховный Совет Башкирской АССР
_jЗаконы и постановления
_z1965
_2psbo
606 _aБюджет
_yБашкирская АССР
_z1955
_2psbo
710 1 2 _aБашкирская АССР. Верховный Совет. Созыв (4). Сессия (1)
801 0 _aRU
_bNLR
_gpsbo
801 1 _aRU
_bELAR
_2rusmarc
852 _aNLR
_jИр66 Г-5/249
942 _cBOOK
980 _aNB